[Event "DM Hurtigskak 2012"]
[Site "Middelfart"]
[Date "2012.09.30"]
[Round "7"]
[White "Skytte, Rasmus"]
[Black "Skytte, Torill"]
[Result "0-1"]
[WhiteElo "2396"]
[BlackElo "1913"]
[PlyCount "86"]
[EventDate "2012.??.??"]

1. e4 e6 2. d4 d5 3. e5 c5 4. c3 Qb6 5. Nf3 Bd7 6. Bd3 cxd4 7. cxd4 Bb5 8. O-O
Bxd3 9. Qxd3 Nc6 10. Nc3 Nge7 11. Be3 Nf5 12. Qb5 Qxb5 13. Nxb5 Rc8 14. g4 Nxe3
15. fxe3 a6 16. Nc3 Be7 17. a3 Na5 18. Rac1 O-O 19. Kf2 h6 20. Nd2 Rc6 21. b4
Nc4 22. Nxc4 Rxc4 23. Na4 Rfc8 24. Rxc4 Rxc4 25. Nc5 Rc2+ 26. Kg3 Bxc5 27. bxc5
Rb2 28. h4 Rb3 29. Kf4 a5 30. e4 dxe4 31. Kxe4 a4 32. d5 exd5+ 33. Kxd5 Rd3+
34. Ke4 Rxa3 35. Rb1 Rb3 36. Rxb3 axb3 37. Kd3 Kf8 38. Kc3 Ke7 39. Kxb3 Ke6 40.
Kb4 Kxe5 41. Kb5 Kd5 42. h5 g6 43. hxg6 fxg6 0-1